000 00391nam a2200133Ia 4500
008 220216s9999 xx 000 0 und d
100 _aRajaguru A S B
245 0 _aEffects of rubber seed meal on the performance of mature chicken
260 _bRubber Research Institute of Sri Lanka Bulletin
_c1973
300 _a39-45
650 _aRubber seed meeal
650 _aSri Lanka
942 _cJS
999 _c58373
_d58373